000 00246nam a22000857a 4500
008 160630b xxu||||| |||| 00| 0 eng d
100 _91557
_a Baderia, G.S
245 _aFascinations of Mathematical Puzzles
260 _aNew Delhi
_bArya Publication
_c2005
999 _c1283
_d1283